Statistics for 2017/18 National League North Teams

Click here to take the quiz!

General Stats

  • This quiz has been taken 9 times
  • The average score is 12 of 22

Answer Stats

Team% Correct
Darlington
83%
Salford City
83%
AFC Telford United
67%
Boston United
67%
Chorley
67%
Curzon Ashton
67%
Kidderminster Harriers
67%
Nuneaton Town
67%
Southport
67%
York City
67%
Alfreton Town
50%
Blyth Spartans
50%
FC United of Manchester
50%
Gainsborough Trinity
50%
Harrogate Town
50%
North Ferriby United
50%
Spennymoor Town
50%
Stockport County
50%
Tamworth
50%
Brackley Town
33%
Bradford Park Avenue
33%
Leamington
17%

Score Distribution

Percentile by Number Answered

Percent of People with Each Score

Your Score History

You have not taken this quiz